Applied psychology in personnel management. (Record no. 172269)
[ view plain ]
| 000 -LEADER | |
|---|---|
| fixed length control field | 00633cam3a220021700 4500 |
| 001 - CONTROL NUMBER | |
| control field | zam00003413 |
| 008 - FIXED-LENGTH DATA ELEMENTS--GENERAL INFORMATION | |
| fixed length control field | 951128s1991 xx eng u |
| 035 ## - SYSTEM CONTROL NUMBER | |
| System control number | (Sirsi) r20741 |
| 035 ## - SYSTEM CONTROL NUMBER | |
| System control number | (MACHINE)SLC0371 |
| 100 ## - MAIN ENTRY--PERSONAL NAME | |
| Personal name | Cascio, W. F. |
| Linkage | A82186.1 |
| 245 10 - TITLE STATEMENT | |
| Title | Applied psychology in personnel management. |
| 260 ## - PUBLICATION, DISTRIBUTION, ETC. | |
| Date of publication, distribution, etc. | 1991. |
| 591 ## - | |
| -- | Class code: PS450. |
| 591 ## - | |
| -- | Course: Industrial organization psychology. |
| 591 ## - | |
| -- | School: S05. |
| 591 ## - | |
| -- | Lecturer: Prof. Srinivasan,G. |
| 591 ## - | |
| -- | Number of Students: 0. |
| 949 ## - LOCAL PROCESSING INFORMATION (OCLC) | |
| a | HF5549CAS |
| w | lcc |
| m | MAIN |
| p | 2500 |
| t | SHORTLOAN |
| l | SHORTLOAN |
| 909 ## - | |
| -- | Book |
No items available.